000 00669nam a2200217 i 4500
001 bgj
100 1 _aOXENDEN, Clive
245 1 0 _aNew English File :
_belementary : teacher's book /
_cClive Oxenden ; Christina Latham-Koenig ; with Paul Seligson.
260 _aOxford :
_bOxford University Press,
_c2004.
300 _a240 pp :
_bill. ;
_c28 cm.
650 9 _aEnglish language
655 _aTextbooks for foreigners
700 1 _aLATHAM-KOENIG, Christina.
_eco-author
700 1 _aSELIGSON, Paul.
_eco-author
020 _a0194384268
040 _cBPK
041 0 _aeng
920 _a0-19-438426-8
942 _cKS
008 s uk f |000 0 eng
999 _c48972
_d48972